Statystyki dla gminy powiatu płockiego

Kliknij tutaj aby rozwiązać quiz!

Ogólne statystyki

  • Ten quiz został rozwiązany 131 razy
  • Średni wynik to 6 z 16

Odpowiedzi na mapie

Odpowiedzi skodowane kolorowo w zielono-czerwonej skali na mapie do tego quizu, zgodnie z poniższymi procentami.
 

Statystyki odpowiedzi

GminaOdpowiedź% Poprawnych
miasto na prawach powiatuPłock
91%
miejsko-wiejskaGąbin
51%
wiejskaStara Biała
51%
miejsko-wiejska
Wyszogród
48%
miejsko-wiejskaDrobin
46%
wiejskaŁąck
44%
wiejskaBielsk
41%
wiejskaBrudzeń Duży
41%
wiejskaSłupno
39%
wiejskaNowy Duninów
35%
wiejskaRadzanowo
35%
wiejskaBodzanów
34%
wiejskaMała Wieś
27%
wiejska
Staroźreby
27%
wiejskaBulkowo
19%
wiejskaSłubice
19%

Rozkład punktacji

Percentyl według liczby udzielonych odpowiedzi

Procent ludzi z każdym wynikiem

Twoja historia wyników

Nie rozwiązałeś tego quizu